| 000 | 00678nam a2200193 a 4500 | ||
|---|---|---|---|
| 005 | 20140412111240.0 | ||
| 008 | 010425s19uu xx 00 eng d | ||
| 020 | _a0-679-81819-7 | ||
| 050 |
_aTR(PS E _bRo53 1992 |
||
| 100 | _aDavison, Martine | ||
| 245 |
_aRobby visits the doctor / _cwritten by Martine Davison; illustrated Nancy Stevenson. |
||
| 260 |
_aNew York : _bRandom House, _c1992. |
||
| 300 | _a1v. (unp.) ; ill. | ||
| 440 | _aAn AMA kids book | ||
| 520 | _aRobby wakes up with a bad earache, but he feels better after going to the doctor and taking several doses of medicine | ||
| 650 | _aEarache-Fiction | ||
| 650 | _aMedical care-Fiction | ||
| 999 |
_c102687 _d102687 |
||